Principles of economics

Saved in:
Bibliographic Details
Main Author: CASE, Karl E
Format: Book
Language:English
Published: Pearson Education, 2017
Tags: Add Tag
No Tags, Be the first to tag this record!

MARC

LEADER 00000nam a22000007a 4500
008 210121b ||||| |||| 00| 0 eng d
020 |a  978-1-292-15256-1 
100 |a CASE, Karl E 
245 |a Principles of economics  |c /Karl E. Case, Ray C. Fair, [and] Sharon M. Oster  |g 808p.; ill. 
250 |b 12th ed. 
260 |b Pearson Education,   |c 2017  |d Books  |h Boston  |i 690870  |i  690871   |l HB171.5 .C26 
942 |a lcc  |c BK  |e Adekanye I. H.  |f 21/01/2021 
952 |0 0  |1 0  |2 ddc  |4 0  |7 0  |9 1352  |a HOL  |b HOL  |c GJ  |d 2021-01-21  |l 0  |r 2021-01-21 00:00:00  |w 2021-01-21  |y BK 
952 |0 0  |1 0  |2 lcc  |4 0  |6 HB01715 C26  |7 0  |9 1353  |a HOL  |b HOL  |c GJ  |d 2021-01-21  |l 0  |o HB171.5 .C26  |p 2021-0159  |r 2021-01-21 00:00:00  |w 2021-01-21  |y BK 
999 |c 701  |d 701